UBT Library

AFRICAN ART (Record no. 58568)

000 -LEADER
fixed length control field 00299nam a22001457a 4500
008 - FIXED-LENGTH DATA ELEMENTS--GENERAL INFORMATION
fixed length control field 221014b ||||| |||| 00| 0 eng d
020 ## - INTERNATIONAL STANDARD BOOK NUMBER
International Standard Book Number 0600348539
041 ## - LANGUAGE CODE
Language code of text/sound track or separate title eng
080 ## - UNIVERSAL DECIMAL CLASSIFICATION NUMBER
Universal Decimal Classification number 7
082 ## - DEWEY DECIMAL CLASSIFICATION NUMBER
Classification number 7 DUE
100 ## - Rafti
Rafti 21.2
101 ## - Shkurtesa
Shkurtesa ART
245 ## - TITLE STATEMENT
Title AFRICAN ART
Statement of responsibility, etc DUERDEN D
942 ## - ADDED ENTRY ELEMENTS (KOHA)
Source of classification or shelving scheme
Item type Books
Holdings
Withdrawn status Lost status Source of classification or shelving scheme Damaged status Not for loan Collection code Permanent location Current location Date acquired Total Checkouts Full call number Barcode Date last seen Price effective from Koha item type
          Koleksioni i përgjithshem UBT - Lipjan UBT - Lipjan 10/14/2022   7 DUE 002-800028700260150 10/14/2022 10/14/2022 Books
UBT Library © 2015-2024. All rights reserved University Education for Business and Technology